| 000 | 01004cam a22002771 4500 | ||
|---|---|---|---|
| 001 | sa 67007082 | ||
| 003 | DLC | ||
| 005 | 20260227112412.0 | ||
| 008 | 890620s1965 ii c b 000 0 hino | ||
| 010 | _asa 67007082 | ||
| 035 | _a(OCoLC)19902495 | ||
| 040 |
_aDLC _cWaU _dNRU _dDLC |
||
| 042 | _apremarc | ||
| 050 | 0 | 0 |
_aPK2097.G8 _bZ6 |
| 110 | 2 | _aBābū Bālamukunda Gupta Śatavārshikī Samāroha Samiti. | |
| 245 | 0 | 0 |
_aBala Mukunda Gupta, _beka mūlyāṇkana. _cSampādaka Kalyāṇamala Loṛhā [aura] Vishṇukānta Śāstrī. |
| 250 | _a[1. saṃskaraṇa] | ||
| 260 |
_aKalakattā, _bBābū Bālamukunda Gupta Śatavārshikī Samāroha Samiti; [eka mātra vitaraka: Amitābha Prakāśana, _c1965] |
||
| 300 |
_a214, 46 p. _bport. _c22 cm. |
||
| 500 | _aIn Hindi. | ||
| 504 | _aBibliographical footnotes. | ||
| 600 | 1 | 0 |
_aGupta, Bālmukund, _d1865-1907. |
| 700 | 1 |
_aGupta, Bālmukund, _c1865-1907. |
|
| 700 | 1 | _aLoṛhā, Kalyāṇamala. | |
| 700 | 1 |
_aŚāstrī, Vishṇukānta, _d1929- |
|
| 999 |
_c76346 _d76346 |
||